Zvýšenie bezpečnosti webového systému použitím biológiou inšpirovaných metód
Gespeichert in:
| 1. Verfasser: | |
|---|---|
| Weitere Verfasser: | |
| Format: | Manuskript Buch |
| Sprache: | Slowakisch |
| Veröffentlicht: |
2016
|
| Schlagworte: | |
| Online-Zugang: | http://is.stuba.sk/zp/portal_zp.pl?podrobnosti=119330 |
| Tags: |
Keine Tags, Fügen Sie das erste Tag hinzu!
|
MARC
| LEADER | 00000ntm a22000003a 4500 | ||
|---|---|---|---|
| 001 | stuzp58955 | ||
| 003 | SK-STU | ||
| 005 | 20160719155722.0 | ||
| 007 | ta | ||
| 008 | 150427s2015----xo-----f-mn---000-0-slo-d | ||
| 040 | |a STU |b slo | ||
| 041 | 0 | |a slo | |
| 100 | 1 | |a Šoltés, Filip |u 070400 |k Z4 |4 aut |U FIIT Fakulta informatiky a informačných technológií |T FIIT Ústav počítačového inžinierstva a aplikovanej informatiky |X 46168 |U I400 |Y 672 |7 A000046168 | |
| 242 | 0 | 1 | |a Improving security of a web system using biology inspired methods |y eng |
| 245 | 1 | 0 | |a Zvýšenie bezpečnosti webového systému použitím biológiou inšpirovaných metód |
| 260 | |c 2016 | ||
| 650 | 4 | |a detekcia anomálií |2 slo | |
| 650 | 4 | |a algoritmus dendritických buniek |2 slo | |
| 650 | 4 | |a evolučný algoritmus |2 slo | |
| 650 | 4 | |a systém na detekciu prienikov |2 slo | |
| 650 | 4 | |a umelý imunitný systém |2 slo | |
| 650 | 4 | |a intrusion detection system |2 eng | |
| 650 | 4 | |a anomaly detection |2 eng | |
| 650 | 4 | |a artificial immune system |2 eng | |
| 650 | 4 | |a dendritic cell algorithm |2 eng | |
| 650 | 4 | |a evolutionary algorithm |2 eng | |
| 700 | 1 | |a Hudec, Ladislav |u 070400 |k Z1 |4 ths |U FIIT Fakulta informatiky a informačných technológií |T FIIT Ústav počítačového inžinierstva a aplikovanej informatiky |X 2081 |U I400 |Y 672 |7 2081 | |
| 856 | 4 | |u http://is.stuba.sk/zp/portal_zp.pl?podrobnosti=119330 | |
| 996 | |b 8196 |c I* DIP 20/2016 |l II680 |s P |a 0 |w stuzp58955_0001 | ||
| SQL | |a stuzp58955 |b DDP |c SLO |d Zvýšenie bezpečnosti webového systému použitím biológiou inšpirovaných metód |e 46168 |f Šoltés, Filip |g 070400 |h 2081 |i Hudec, Ladislav |j 20160613 |k 211 |l 07 |m http://is.stuba.sk/zp/portal_zp.pl?podrobnosti=119330 |n I-SI2 |o 9.2.5. softvérové inžinierstvo | ||